Crossover (Advanced) : a course for developing reading and writing skills
| Main Author: | |
|---|---|
| Other Authors: | |
| Format: | Book |
| Published: |
Singapore :
McGraw-Hill ,
1994
|
| Subjects: |
MARC
| LEADER | 00000cam a2200000 7i4500 | ||
|---|---|---|---|
| 001 | 0000003040 | ||
| 002 | 000003292 | ||
| 005 | 20000330.0 | ||
| 020 | |a 0071127488 | ||
| 090 | 0 | 0 | |a 652.1 |b CHA |
| 100 | 1 | |a Chandrasegaran, Antonia | |
| 245 | 1 | 0 | |a Crossover (Advanced) : |b a course for developing reading and writing skills |c Antonia Chandrasegaran, Hugh Rhodes McLean |
| 260 | |a Singapore : |b McGraw-Hill , |c 1994 | ||
| 300 | |a 138p. ; |c 23cm. | ||
| 650 | 0 | 0 | |a Reading skills |
| 700 | 1 | |a McLean, Hugh Rhodes | |
| 999 | |a 035611 |b BUKU |c PINJAMAN |e PERPUSTAKAAN KOMUNITI PETALING JAYA | ||